| 000 | 00877nam a2200241 a 4500 | ||
|---|---|---|---|
| 001 | 000022002 | ||
| 005 | 20200930011534.0 | ||
| 008 | 100915s1985 enk r 000 0 spa d | ||
| 020 | _a0906747171 | ||
| 040 |
_aDO-SdBNP _bspa _cBNPHU |
||
| 082 |
_axxxx _bM489h |
||
| 110 | 1 |
_aThe Medical Committee of the Conference for Worlds Mission _945606 |
|
| 245 | 1 | 0 |
_aHeralds of health : _bthe saga of Cristian medical initiatives / _cEdición Stanley G. Browne , Frank Davey , William A. R. Thomson. |
| 260 |
_aLondres : _bCristian Medical Fellowship, _c1985. |
||
| 300 |
_axii, 382 p. ; _c22 cm. |
||
| 500 | _aIncluye índice de nombres. | ||
| 500 | _aIncluye índice de lugares. | ||
| 500 | _aIncluye índice de materias. | ||
| 700 | 1 |
_aBrowne, Stanley G., _eed. _945607 |
|
| 700 | 1 |
_aDavey, Frank, _eed. _945608 |
|
| 700 | 1 |
_aThomson, William A. R., _eed. _945609 |
|
| 049 | _aBNGR | ||
| 999 |
_c21500 _d21500 |
||